000 00418nam a2200181Ia 4500
001 21424
005 20260306172918.0
008 260306t2005||||xx |||||||||||||| ||spa||
041 _aESP
082 _a345
_bB12
100 _aBacigalupo, Enrique
_eAUT
245 0 _aEl debido proceso penal
260 _c2005
300 _a263 páginas :
_c23 cm.
650 _aGEN
654 _aCDE
942 _cLIB
_dJUS
_fJUS
_2ddc
_n
999 _c21424
_d21424